000 00406nam a2200145Ia 4500
008 100204s9999 xx 000 0 und d
082 _b15353
100 _aबांदोडकर गो. पु.
245 _aपँथर
260 _b"प्रिया प्रकाशन, मुंबई"
_c1992
300 _a252
630 _aपँथर
730 _aपँथर
942 _cBOOK
999 _c459784
_d459781